000 00240nam a2200109Ia 4500
999 _c6377
_d6377
020 _a0-14-062078-8
100 _aCharles Dickens
245 2 _aA Tale Of Two Cities
260 _aCanada
_bTata McGraw Hill
_c2006
300 _a253
942 _cBK